| LEADER 00000nam 2200000uu 4500 |
| 001 213732 |
| 003 ULIBM |
| 008 230811s||||||||th 000 0 tha d |
| 020 ^a9786164434363
|
| 041 ^atha^beng
|
| 060 04 ^aWQ248^bน927 2563
|
| 245 00 ^aแนวทางการดูแลรักษาภาวะเบาหวานขณะตั้งครรภ์ในโรงพยาบาลศิริราช :^bจากงานวิจัยสู่งานประจำ = Clinical practice guidelinediabetes mellitus during pregnancy in Siriraj Hospital :from research to routine /^cบรรณาธิการ, ประเสริฐ ศันสนีย์วิทยกุล,ดิฐกานต์ บริบูรณ์หิรัญสาร
|
| 246 31 ^aClinical practice guideline diabetes mellitus duringpregnancy in Siriraj Hospital :^bfrom research to routine
|
| 250 ^aพิมพ์ครั้งที่ 2 (แก้ไขปรับปรุง)
|
| 260 ^aกรุงเทพฯ :^bภาควิชาสูติศาสตร์-นรีเวชวิทยา คณะแพทยศาสตร์ศิริราชพยาบาลมหาวิทยาลัยมหิดล,^c2563
|
| 300 ^a81 หน้า ;^c26 ซม
|
| 650 4 ^aงานประจำสู่การวิจัย
|
| 650 4 ^aเบาหวานในหญิงมีครรภ์
|
| 700 0 ^aประเสริฐ ศันสนีย์วิทยกุล,^eบรรณาธิการ
|
| 700 0 ^aดิฐกานต์ บริบูรณ์หิรัญสาร,^eบรรณาธิการ
|
| 710 2 ^aมหาวิทยาลัยมหิดล.^bคณะแพทยศาสตร์ศิริราชพยาบาล.^bภาควิชาสูตินารีเวชวิทยา
|
| 999 ^aใช้งานได้ทุกระบบ
|